00654nam a2200181Ia 4500008004100000082001800041100001600059245007500075250000800150260002800158300000900186500002400195650001500219942000700234952010700241952010700348999001700455230524s9999 xx 000 0 und d a621.3827bRAO aS.Rao96200 0aTesting Commissioning Operation & Maintenance of Electrical Equipments a6TH aNEW DELHIbKhannac2005 a1071 aQuantity Number: 2 aElectrical cBK 00104070aTATCLbTATCLcGENd2023-05-24l0o621.3827 RAOp6544r2023-05-24w2023-05-24yBKzCPEC5308 00104070aTATCLbTATCLcGENd2023-05-24l0o621.3827 RAOp6545r2023-05-24w2023-05-24yBKzCPEC5308 c24822d24822